Competencies for effective leadership : (Record no. 82783)
[ view plain ]
| 000 -LEADER | |
|---|---|
| fixed length control field | 01708cam a2200433Ii 4500 |
| 001 - CONTROL NUMBER | |
| control field | vtls003277857 |
| 003 - CONTROL NUMBER IDENTIFIER | |
| control field | MY-SjTCS |
| 005 - DATE AND TIME OF LATEST TRANSACTION | |
| control field | 20200508124615.0 |
| 006 - FIXED-LENGTH DATA ELEMENTS--ADDITIONAL MATERIAL CHARACTERISTICS | |
| fixed length control field | m o d |
| 007 - PHYSICAL DESCRIPTION FIXED FIELD--GENERAL INFORMATION | |
| fixed length control field | cr cnu---unuuu |
| 008 - FIXED-LENGTH DATA ELEMENTS--GENERAL INFORMATION | |
| fixed length control field | 191021s2019 enk o 001 0 eng d |
| 020 ## - INTERNATIONAL STANDARD BOOK NUMBER | |
| International Standard Book Number | 9781789732559 |
| Qualifying information | (electronic bk.) |
| 020 ## - INTERNATIONAL STANDARD BOOK NUMBER | |
| International Standard Book Number | 1789732557 |
| Qualifying information | (electronic bk.) |
| 020 ## - INTERNATIONAL STANDARD BOOK NUMBER | |
| International Standard Book Number | 9781789732573 |
| Qualifying information | (electronic bk.) |
| 020 ## - INTERNATIONAL STANDARD BOOK NUMBER | |
| International Standard Book Number | 1789732573 |
| Qualifying information | (electronic bk.) |
| 020 ## - INTERNATIONAL STANDARD BOOK NUMBER | |
| Canceled/invalid ISBN | 9781789732566 |
| 035 ## - SYSTEM CONTROL NUMBER | |
| System control number | (OCoLC)1101966598 |
| Canceled/invalid control number | (OCoLC)1102053806 |
| -- | (OCoLC)1105810661 |
| 035 ## - SYSTEM CONTROL NUMBER | |
| System control number | (OCoLC)on1101966598 |
| 037 ## - SOURCE OF ACQUISITION | |
| Stock number | 9781789732573 |
| Source of stock number/acquisition | Emerald Publishing |
| 039 #9 - LEVEL OF BIBLIOGRAPHIC CONTROL AND CODING DETAIL [OBSOLETE] | |
| -- | 201910211518 |
| -- | shuhada |
| 040 ## - CATALOGING SOURCE | |
| Original cataloging agency | N$T |
| Language of cataloging | eng |
| Description conventions | rda |
| -- | pn |
| Transcribing agency | N$T |
| Modifying agency | N$T |
| -- | EBLCP |
| -- | MALCO |
| -- | OCLCF |
| -- | UKMGB |
| -- | UKAHL |
| 049 ## - LOCAL HOLDINGS (OCLC) | |
| Holding library | MAIN |
| 082 04 - DEWEY DECIMAL CLASSIFICATION NUMBER | |
| Classification number | 658.4/092 |
| Edition number | 23 |
| 245 00 - TITLE STATEMENT | |
| Title | Competencies for effective leadership : |
| Remainder of title | a framework for assessment, education, and research / |
| Statement of responsibility, etc. | edited by Ralph A. Gigliotti. |
| 264 #1 - PRODUCTION, PUBLICATION, DISTRIBUTION, MANUFACTURE, AND COPYRIGHT NOTICE | |
| Place of production, publication, distribution, manufacture | United Kingdom : |
| Name of producer, publisher, distributor, manufacturer | Emerald Publishing, |
| Date of production, publication, distribution, manufacture, or copyright notice | 2019. |
| 300 ## - PHYSICAL DESCRIPTION | |
| Extent | 1 online resource |
| 336 ## - CONTENT TYPE | |
| Content type term | text |
| Source | rdacontent |
| 337 ## - MEDIA TYPE | |
| Media type term | computer |
| Source | rdamedia |
| 338 ## - CARRIER TYPE | |
| Carrier type term | online resource |
| Source | rdacarrier |
| 500 ## - GENERAL NOTE | |
| General note | Includes index. |
| 588 0# - SOURCE OF DESCRIPTION NOTE | |
| Source of description note | Online resource; title from PDF title page (EBSCO, viewed May 22, 2019) |
| 590 ## - LOCAL NOTE (RLIN) | |
| Local note | eBooks on EBSCOhost |
| Provenance (VM) [OBSOLETE] | All EBSCO eBooks |
| 650 #0 - SUBJECT ADDED ENTRY--TOPICAL TERM | |
| Topical term or geographic name entry element | Leadership. |
| 655 #0 - INDEX TERM--GENRE/FORM | |
| Genre/form data or focus term | Electronic books. |
| 655 #4 - INDEX TERM--GENRE/FORM | |
| Genre/form data or focus term | Electronic books. |
| 700 1# - ADDED ENTRY--PERSONAL NAME | |
| Personal name | Gigliotti, Ralph A., |
| Relator term | editor. |
| 776 08 - ADDITIONAL PHYSICAL FORM ENTRY | |
| Relationship information | Print version : |
| International Standard Book Number | 9781789732566 |
| 856 40 - ELECTRONIC LOCATION AND ACCESS | |
| Uniform Resource Identifier | https://ezproxy.taylors.edu.my/login?url=http://search.ebscohost.com/login.aspx?direct=true&scope=site&db=nlebk&AN=1980254 |
| Public note | An electronic book accessible through the World Wide Web; click to view |
| Withdrawn status | Lost status | Source of classification or shelving scheme | Damaged status | Not for loan | Home library | Current library | Date acquired | Cost, normal purchase price | Total Checkouts | Date last seen | Price effective from | Koha item type | Public note |
|---|---|---|---|---|---|---|---|---|---|---|---|---|---|
| Dewey Decimal Classification | e-book | Taylor's Library-TU | Taylor's Library - Perpetual(TU) | 20/02/2020 | 400.90 | 20/02/2020 | 20/02/2020 | Main Collection | TBSxx,34001,03,AD,PPT | TBSxx,34004,03,AD,PPT | TBSxx,18002,03,AD,PPT | TBSxx,34005,03,AD,PPT | TBSxx,34006,03,AD,PPT | TBSxx,34002,03,AD,PPT | TBSxx,34003,03,AD,PPT | TBSxx,24003,03,AD,PPT | TBSxx,24004,03,AD,PPT | TBSxx,34007,03,AD,PPT |